000 00807nam a2200229 a 4500
005 20140412111228.0
008 010529s19uu xx 00 eng d
020 _a0-89565-314
050 _aTR(GS 513
_bM74 1985
100 _aMoncure, Jane Belk
245 _aMy three book /
_cby Jane Belk Moncure; illustrated by Linda Hohag.
250 _a1995 Ed.
260 _aElgin, Ill :
_bThe Child's World, Inc,
_c1985.
300 _a32p. ; ill.
440 _aMy number book--My first steps to math
520 _aLittle Three introduces the concepts of "three" and counting by encountering trios of baskets, pigs, dancing mice, and other objects and animals
650 _aThree (The number)
_xJuvenile literature
650 _aNumber Concept
650 _aCounting
999 _c102095
_d102095